Widok standardowy
Widok MARC
Pozycja Corporate Name
Liczba rekordów, w których użyto hasła: 1
001 - Numer kontrolny
- control field: 40988
003 - Identyfikator numeru kontrolnego
- control field: NUKAT
005 - Data i czas ostatniej modyfikacji
- control field: 20260430110334.0
008 - Dane kontrolne kodowane (40 znaków)
- fixed length control field: 181219n||azznnbabn |a ana |
010 ## - Numer kontrolny Biblioteki Kongresu
- numer kontrolny LC: p 2019003735
035 ## - Numer systemowy
- numer systemowy: (PL)a0000038584025
040 ## - Instytucja sporządzająca rekord
- inst. przygot. dane do rek. khw: WA N
- język haseł przedmiotowych/tezaurus: DBN
- inst. wprow. rek. khw: WA N
043 ## - Kod obszaru geograficznego
- ISO code: PL
110 2# - Hasło - nazwa ciała zbiorowego
- nazwa ciała zbior. lub geogr. na pocz.: Komenda Wojewódzka Milicji Obywatelskiej (Warszawa)
370 ## - Associated place
- Country: Polska
- Residence/HQ: Warszawa (woj. mazowieckie)
410 2# - Trop zob. - nazwa ciała zbiorowego
- nazwa ciała zbior. lub geogr. na pocz.: Komenda Stołeczna Milicji Obywatelskiej (Warszawa)
410 2# - Trop zob. - nazwa ciała zbiorowego
- nazwa ciała zbior. lub geogr. na pocz.: Komenda Wojewódzka Milicji Obywatelskiej w Warszawie
410 2# - Trop zob. - nazwa ciała zbiorowego
- nazwa ciała zbior. lub geogr. na pocz.: KSMO w Warszawie
410 2# - Trop zob. - nazwa ciała zbiorowego
- nazwa ciała zbior. lub geogr. na pocz.: KWMO w Warszawie
510 2# - Trop zob. też - nazwa ciała zbiorowego
- podpole kontrolne: b
- nazwa ciała zbior. lub geogr. na pocz.: Wojewódzki Urząd Spraw Wewnętrznych (Warszawa)
510 2# - Trop zob. też - nazwa ciała zbiorowego
- podpole kontrolne: g
- nazwa ciała zbior. lub geogr. na pocz.: Milicja Obywatelska (MO)
670 ## - Źródło informacji
- źródło informacji: W cieniu centrali / Patryk Pleskot. - Warszawa, 2018.
670 ## - Źródło informacji
- źródło informacji: Wikipedia